Calling Rastafari /

Bibliographic Details
Main Author: Burning Spear, 1948-
Format: CD Audio
Language:English
Published: Cambridge, MA : Heartbeat, [1999]
Subjects:

MARC

Tag First Indicator Second Indicator Subfields
LEADER 00000cjm a2200000Ia 4500
001 in00001519085
005 20151021174542.0
007 sd efngnn----u
008 991108s1999 nyuzzn eng d
024 1 |a 011661774421 
028 0 2 |a 11661-7744-2  |b Heartbeat 
035 |a (OCoLC)42784933 
040 |a IOU  |c IOU  |d TXA  |d UtOrBLW 
043 |a nwjm--- 
049 |a TXAM 
090 |a M1681.J2518  |b B87 1999 
100 0 |a Burning Spear,  |d 1948- 
245 1 0 |a Calling Rastafari /  |c Burning Spear. 
264 1 |a Cambridge, MA :  |b Heartbeat,  |c [1999] 
264 4 |c ©1999 
300 |a 1 sound disc :  |b digital ;  |c 4 3/4 in. 
336 |a performed music  |b prm  |2 rdacontent 
337 |a audio  |b s  |2 rdamedia 
338 |a audio disc  |b sd  |2 rdacarrier 
500 |a Reggae music. 
505 0 |a As it is (4:56) --Hallelujah (extended mix) (6:51) -- House of Reggae (4:37) -- Let's move (4:36) -- Brighten my vision (4:47) -- You want me to (4:57) -- Calling Rastafari (3:51) -- Sons of he (extended mix) (5:59) -- Statue of Liberty (3:36) -- Own security (4:27) -- Holy Man (extended mix) (5:47). 
586 |a Grammy Awards, 2000 (Reggae). 
500 |a Sound recording. 
650 0 |a Reggae music. 
994 |a E0  |b TXA 
948 |a cataloged  |b h  |c 2000/4/4  |d c  |e fpiscitelli  |f 11:01:03 am 
999 |a MARS 
999 f f |s 6ab0592e-a944-3b37-b872-2abe5fc6a041  |i 28872605-605f-3d77-9116-6b4467657134  |t 0 
952 f f |p ric  |a Texas A&M University  |b Rellis Campus  |c Joint Library Facility  |d Remote Storage  |t 0  |e M1681.J2518 B87 1999  |h Library of Congress classification  |i audio -- audio disc  |m A14825859552 
998 f f |a M1681.J2518 B87 1999  |t 0  |l Remote Storage